000 01094nam a22003257a 4500
001 BR9803205
003 BR-BrBNA
005 20230928100005.0
007 ta
008 230509b bl.||||| |||| 00| 0 por d
040 _aBR-BrBNA
_bpor
_cBiblioteca Nacional de Agricultura
041 _a(Por)
072 _aL50
_b5212
090 _ 5212 BR9803205
100 1 _aCoutinho, A. de S.
110 1 _aUniversidade Federal de Minas Gerais, Belo Horizonte (Brasil). Escola de Veterinaria
_0Tese (Mestre em Medicina Veterinaria)
245 1 _aProteinograma de bezerros da raca Holandesa, do periodo de 24-48 horas a oitava semana de vida, e concentracao de imunoglobulinas no colostro de suas maes
260 3 _aBelo Horizonte, MG (Brasil):
_c1996.
300 _a96 p.
500 _aBibliography (77 ref.); Summaries (Eng, Por); 14 illus.; 13 tables
650 _aBovino
650 _aGado Holandes
650 _aSangue
650 _aProteina
650 _aAnalise Quimica
650 _aImunoglobulina
650 _aColostro
909 _a202309
_bLucia
_c55
_dLucia Elande
942 _cBK
999 _c59776
_d59776